| 000 | 00544cam a22001337a 4500 | ||
|---|---|---|---|
| 008 | 180718b2006 xxu||||| |||| 00| 0 eng d | ||
| 082 | _aAPPPA/2005-06/MAT/26 | ||
| 100 | _aMathur, Inder Raj | ||
| 245 |
_aRole of border roads organisation in socio-economic development of north-east region _cby Inder Raj Mathur |
||
| 260 |
_aNew Delhi _bIndian Institute of Public Administration _c2006 |
||
| 300 | _a147p. | ||
| 500 | _aAn APPPA M.Phil dissertation, 2005-06 (Guide: Prof. Pranab Banerji) | ||
| 650 | _aSocio-economic development-North-East Region | ||
| 999 |
_c493402 _d493402 |
||